000 00215nam a2200097Ia 4500
008 190216s9999||||xx |||||||||||||| ||und||
100 _aAbbasmuhamed N Ayyoob
245 0 _aAbdusayyani Khalid
260 _bNull
942 _cBK
999 _c96
_d96